| 000 | 00393aaa a2200145 4500 | ||
|---|---|---|---|
| 999 |
_c41042 _d41042 |
||
| 005 | 20210713110033.0 | ||
| 007 | ta | ||
| 008 | 210713c mr|p |||| 00| 0 eng d | ||
| 022 | _a0013516X | ||
| 040 | _coclc | ||
| 082 |
_a537.5 _bJOU/E |
||
| 245 | _aElectronics for you | ||
| 260 |
_aNew Delhi : _bEFY Enterprises Pvt Ltd, |
||
| 942 |
_2ddc _cCR _h537.5 _kJOU/E _m537.5 _nJOU/E _s1 |
||